01391 a2200169 45000010006000000050017000060080041000230030015000640400040000790800064001192450047001832640029002303000019002595050890002781000024011687000029011922501520260407155533.0260407a1967 arg spa dAR-UNSa-BCEJYS aAR-UNSa-BCEJYSbspacAR-UNSa-BCEJYS a519.25xTratamiento de datos estadísticos (encuestas...) 10aPráctica de las encuestas estadísticas 1aBarcelona :bArielc1967 a351 p.c23 cm. aParte I : La preparación de la encuesta : 1. Determinación del objeto de la encuesta - 2. Clasificaciones, nomenclaturas y códigos - 3. Determinación y delimitación del conjunto a observar - 4. Métodos generales de observación de los hechos - 5. El cuestionario - 6. La coordinación de las encuestas estadísticas - 7. Elección de las unidades estadísticas a observar - 8. La información al público en materia de proyectos de encuestas estdísticas - Parte II : 9. Distribución de los cuestionarios, e interrogante de la encuesta - 10. Los encuestadores - 11. La devolución (recogida) de los cuestionarios - Parte III : Manejo de los cuestionarios contestados : 12. Estado de los cuestionarios contestados y comprobación - 13. Elección del método de elaboración - 14. Codificación de los cuestionarios - 15. Control de las tablas de resultados.1 aChevry, Garbriel -R1 aHerranz Yuste, Alejandro